00313nam a2200121Ia 4500008004100000100001500041245006100056260003000117300000900147650001300156942000700169999001500176190216s9999||||xx |||||||||||||| ||und|| aHajela P D 0aProblems Of Monetary Policy In Under Developed Countries bSulthan Chand&Sonsc1973 a298p aCommerce cBK c4775d4775